La doctrina del Santo Evangelio en los domingos y fiestas del año / (Record no. 120067)
[ view plain ]
| 000 -LEADER | |
|---|---|
| campo de control de longitud fija | 00453nam a2200145 4500 |
| 001 - NÚMERO DE CONTROL | |
| campo de control | 120067 |
| 003 - IDENTIFICADOR DE NÚMERO DE CONTROL | |
| campo de control | ES-MaACL |
| 007 - CAMPO FIJO DE DESCRIPCIÓN FÍSICA--INFORMACIÓN GENERAL | |
| campo de control de longitud fija | t| |
| 008 - DATOS DE LONGITUD FIJA--INFORMACIÓN GENERAL | |
| campo de control de longitud fija | 070214s1947 sp r ||||1| spa d |
| 100 1# - ENTRADA PRINCIPAL--NOMBRE DE PERSONA | |
| Nombre de persona | Pérez de Urbel, Justo. |
| 9 (RLIN) | 90812 |
| 245 13 - MENCIÓN DEL TÍTULO | |
| Título | La doctrina del Santo Evangelio en los domingos y fiestas del año / |
| Mención de responsabilidad, etc. | Fray Justo Pérez de Urbel. |
| 260 ## - PUBLICACIÓN, DISTRIBUCIÓN, ETC. | |
| Lugar de publicación, distribución, etc. | Madrid : |
| Nombre del editor, distribuidor, etc. | Coca y Biosca, |
| Fecha de publicación, distribución, etc. | 1947. |
| 300 ## - DESCRIPCIÓN FÍSICA | |
| Extensión | 281 p. ; |
| Dimensiones | 21 cm. |
| 852 ## - LOCALIZACIÓN | |
| Ubicación | ES-MaACL |
| Número de control de estantería | E-2149 |
| Sublocalización o colección | R.23366 |
| Estatus retirado | Estado de pérdida | Estado de daño | No para préstamo | Biblioteca de origen | Biblioteca actual | Ubicación en estantería | Fecha de adquisición | Fuente de adquisición | Total de préstamos | Signatura topográfica completa | Código de barras | Visto por última vez | Precio de reemplazo | Tipo de ítem Koha |
|---|---|---|---|---|---|---|---|---|---|---|---|---|---|---|
| Biblioteca del Ateneo de Madrid | Biblioteca del Ateneo de Madrid | Depósito 2 | 17/01/2008 | E-2149 | 1125151 | 23/02/2023 | 23/02/2023 | Libro impreso |
